Start running now (Record no. 77985)

MARC details
000 -LEADER
fixed length control field 00851cab a22002055a 4500
001 - CONTROL NUMBER
control field L135779
008 - FIXED-LENGTH DATA ELEMENTS--GENERAL INFORMATION
fixed length control field 061211s2006 xxk f 000 0 eng d
035 ## - SYSTEM CONTROL NUMBER
System control number (Sirsi) u135779
041 0# - LANGUAGE CODE
Language code of text/sound track or separate title eng
100 1# - MAIN ENTRY--PERSONAL NAME
Personal name Forrest, Paul
245 00 - TITLE STATEMENT
Title Start running now
260 ## - PUBLICATION, DISTRIBUTION, ETC.
Date of publication, distribution, etc. 2006
490 0# - SERIES STATEMENT
Series statement Premises and Facilities Management
Volume/sequential designation August 2006, 14-16(3)
520 ## - SUMMARY, ETC.
Summary, etc. Discusses the momentum for construction in the wake of the London Olympic Games, and the involvement of the facilities management sector in the procurement process. Discusses the need for the facilities management sector to be proactive so as to ensure the sector's place in supporting the games and its legacy.
590 ## - LOCAL NOTE (RLIN)
Local note KA
650 24 - SUBJECT ADDED ENTRY--TOPICAL TERM
Topical term or geographic name entry element OLYMPIC GAMES 2012
651 #4 - SUBJECT ADDED ENTRY--GEOGRAPHIC NAME
Geographic name London (Greater London Authority)
-- 2000-
9 (RLIN) 3989
690 ## - LOCAL SUBJECT ADDED ENTRY--TOPICAL TERM (OCLC, RLIN)
Topical term or geographic name as entry element MANAGEMENT-FACILITIES MANAGEMENT
942 ## - ADDED ENTRY ELEMENTS (KOHA)
Suppress in OPAC 0

No items available.